000 00676nam a2200277Ia 4500
005 20260320195841.0
008 008 262003s9999 xx 000 0 hin d
020 _a9789388753029
037 _aEBOOK
040 _aCRL
040 _bhin
040 _cCRL
041 _2hin
041 _ahin
084 _qCRL
100 _aज्योतिष जोशी
_91133312
245 0 _aअनासक्त आस्तिक
250 _a2nd
260 _bRajkamal
260 _c2019
300 _a299
856 _uhttps://ebook.indiaread.in/pdfs/Anasakat_Aastik_by_Jyotish_Joshi.pdf
942 _cEBOOK
999 _c1716839
_d1716839